|
|
|
|
| LEADER |
01219nam a22003374a 4500 |
| 001 |
EBC295078 |
| 003 |
MiAaPQ |
| 005 |
20200520144314.0 |
| 006 |
m o d | |
| 007 |
cr cn||||||||| |
| 008 |
020116s2002 nyu sb 101 0 eng |
| 010 |
|
|
|z 2002000682
|
| 020 |
|
|
|z 085199606X (alk. paper)
|
| 035 |
|
|
|a (MiAaPQ)EBC295078
|
| 035 |
|
|
|a (Au-PeEL)EBL295078
|
| 035 |
|
|
|a (CaPaEBR)ebr10060518
|
| 035 |
|
|
|a (CaONFJC)MIL83352
|
| 035 |
|
|
|a (OCoLC)476061882
|
| 040 |
|
|
|a MiAaPQ
|c MiAaPQ
|d MiAaPQ
|
| 050 |
|
4 |
|a G154.9
|b .T696 2002
|
| 082 |
0 |
4 |
|a 306.4/8
|2 21
|
| 245 |
0 |
4 |
|a The tourist as a metaphor of the social world
|h [electronic resource] /
|c edited by Graham M.S. Dann.
|
| 260 |
|
|
|a New York :
|b CABI Pub.,
|c 2002.
|
| 300 |
|
|
|a viii, 347 p.
|
| 504 |
|
|
|a Includes bibliographical references and index.
|
| 533 |
|
|
|a Electronic reproduction. Ann Arbor, MI : ProQuest, 2015. Available via World Wide Web. Access may be limited to ProQuest affiliated libraries.
|
| 650 |
|
0 |
|a Tourism
|x Social aspects
|v Congresses.
|
| 655 |
|
4 |
|a Electronic books.
|
| 700 |
1 |
|
|a Dann, Graham.
|
| 710 |
2 |
|
|a ProQuest (Firm)
|
| 856 |
4 |
0 |
|u https://ebookcentral.proquest.com/lib/matrademy/detail.action?docID=295078
|z Click to View
|